01693cam a22003974i 4500003000900000005001700009008004100026020001500067035002700082040003300109049000900142082001500151100002600166245005300192264004300245300005400288336002100342337002500363338002300388490004000411505015900451526000900610526000900619526000800628526000800636526000800644650003400652910002800686942001400714949013400728994001400862596000600876999017400882980005501056952018401111PE-LiUPU20250731184050.0151021s2000    sp a    r     000 0 spa d  a9507820469  a(Sirsi) i9789507820465  aPE-LiUPUbspadPE-LiUPUerda  aPRUA04a848.8bV521 aVerne, Julio,eautor.10a20,000 leguas de viaje submarino /cJulio Verne. 1aBarcelona :bBiblioteca Genios,c2000.  a45 páginas :bilustraciones ;c27 centímetros  atext2rdacontent  aunmediated2rdamedia  avolume2rdacarrier0 aColección grandes clásicos ;v10 aA la caza del monstruo -- El capitán Nemo -- Un encuentro con los salvajes -- Entre perlas y tiburones -- El continente desaparecido -- La catástrofe.  aP145  aP127  aP97  aP14  aP07 4aNovelas francesasySiglo XIX.  aaasbjckcaasd20151021  2ddccBOOK  a848.8 V52wDEWEYc1i71833lCCODEBUL1mBULp6.00r0sYtBOOKu2015-10-21xEDUCACIONzUNKNOWN0COMPRAo.STAFF. Colección General  aC0bPEPRU  a1  a848.8 V52wDEWEYc7724i71833d7724e2019-1-14f2021-11-9g6lCCODEBUL1mBULn5p6.00q2r0sYtBOOKu2015-10-21xEDUCACIONzUNKNOWN0COMPRAo.STAFF. Colección General  81gALBERTO SANCHEZ Responsable de Automatización  r2025-12-03 00:00:00i7l7o848.8 V52p71833s2024-08-12te1v11.00w2015-10-21xFACIHEDyBKzinventario-2023-12-13102ddc50708GENfP14aBULbBULcGENd2015-10-21eCOMPRAg6.00